Straßen beginnend mit D - Moers - Statistiken

Allgemein
  • Dieses Quiz wurde 2 mal gespielt
  • Das Durchschnittsergebnis liegt bei 3 aus 31
Antwortstatistiken
Antwort % Korrekt
Danziger Straße
100%
Dorfstraße
50%
Duisburger Straße
50%
Düsseldorfer Straße
50%
Dahlienweg
0%
Damaschkestraße
0%
Davidstraße
0%
Dessauerstraße
0%
Diergardtstraße
0%
Dieselstraße
0%
Diesterwegstraße
0%
Dietrichstraße
0%
Dohlenstraße
0%
Donaustraße
0%
Dongrathshof
0%
Dongstraße
0%
Dorotheenstr.
0%
Dorsterfeldstraße
0%
Dr.-Berns-Straße
0%
Drennesweg
0%
Dresdener Ring
0%
Dr.-Fabricius-Straße
0%
Dr.-Hermann-Bähr-Straße
0%
Dr.-Hermann-Boschheidgen-Straße
0%
Drinhausstraße
0%
Dr.-Karl-Hirschberg-Straße
0%
Drosselstraße
0%
Droste-Hülshoff-Straße
0%
Drususstraße
0%
Düppelstraße
0%
Dürerstraße
0%
Keine übereinstimmenden Quizze gefunden
Verteilung der Resultate
Anzahl Personen mit jedem Resultat
Perzentil nach korrekt beantworteten Fragen
Ihre Resultats-Entwicklung
Sie haben dieses Quiz noch nicht gespielt